000 00566nam a2200181 ca4500
001 000030488
003 RuMoIPM
005 20260506105509.0
008 130426m19601963ur | c rus
040 _aRuMoIPM
_brus
_ercr
041 0 _arus
080 _a51(091)(07)
100 1 _aРыбников, Константин Алексеевич
245 1 _aИстория математики
_b[учебное пособие для ун-тов]
_cК. А. Рыбников
260 _aМосква
_bИзд-во МГУ
_c1960-1963
300 _a2 т.
942 _cBK
999 _c30488
_d30488